Výkladový slovník pre verejnú správu

Gespeichert in:
Bibliographische Detailangaben
1. Verfasser: Beňová, Elena
Körperschaft: Vysoká škola ekonómie a manažmentu verejnej správy v Bratislave
Weitere Verfasser: Cibáková, Viera, Dudová, Iveta, Gecíková, Ivana, Hamalová, Marta, Neubauerová, Erika, 1968-, Stanek, Vojtech, Škultéty, Peter, Kuril, Jozef, Papcunová, Viera
Format: Buch
Sprache:Slowakisch
Veröffentlicht: Bratislava Wolters Kluwer 2016
Ausgabe:1. vyd.
Schriftenreihe:Ekonómia
Schlagworte:
Tags: Tag hinzufügen
Keine Tags, Fügen Sie das erste Tag hinzu!

MARC

LEADER 00000nam a2200000 4500
001 0229317
005 20240502073756.9
020 |a 978-80-8168-544-6 
041 0 |a slo 
044 |a SK 
245 1 0 |a Výkladový slovník pre verejnú správu  |c Viera Cibáková a kolektív ; recenzenti: Jozef Kuril, Viera Papcunová 
250 |a 1. vyd. 
264 1 |a Bratislava  |b Wolters Kluwer  |c 2016 
300 |a 187 s. [10,1 AH] 
490 1 |a Ekonómia 
830 0 |a Ekonómia 
610 2 0 |a správa verejná 
610 2 0 |a samospráva 
610 2 0 |a služby verejné 
100 1 |a Beňová, Elena 
700 1 |a Cibáková, Viera 
700 1 |a Dudová, Iveta 
700 1 |a Gecíková, Ivana 
700 1 |a Hamalová, Marta 
700 1 |a Neubauerová, Erika, 1968- 
700 1 |a Stanek, Vojtech 
700 1 |a Škultéty, Peter 
700 1 |a Kuril, Jozef 
700 1 |a Papcunová, Viera 
710 2 |a Vysoká škola ekonómie a manažmentu verejnej správy v Bratislave